000
00229 a2200097 4500
001
39738
100
_a
IEEE
245
_a
The New IEEE dictionary of Electronics
260
_a
London
_b
Hodder & Stoughton
_c
090
_c
24748
_d
24748
942
_a
NUST-CAE
_c
M
_c
16389
999
_c
274811
_d
274811